| 000 | 01037cam a22003015a 4500 | ||
|---|---|---|---|
| 001 | 015813765 | ||
| 003 | OSt | ||
| 005 | 20160210151609.0 | ||
| 008 | 110519s2011 enka frf 001 0 eng d | ||
| 020 | _a9781119978114 (pbk.) | ||
| 020 | _a1119978114 (pbk.) | ||
| 040 |
_aStDuBDS _beng _cStDuBDS _dUk _dEG-ScBUE |
||
| 082 | 0 | 4 |
_a677.02202856686 _222 _bCEN |
| 100 | 1 |
_aCentner, Marianne. _939293 |
|
| 245 | 1 | 0 |
_aFashion designer's handbook for Adobe Illustrator / _cMarianne Centner, Frances Vereker. |
| 250 | _a1st ed. | ||
| 260 |
_aChichester : _bJohn Wiley & Sons Ltd., _c2011. |
||
| 300 |
_axi, 200 p. : _bill. ; _c30 cm. |
||
| 500 | _aIndex : p. 197-199. | ||
| 500 | _aPrevious ed.: Oxford: Blackwell, 2007. | ||
| 630 | 0 | 7 |
_aAdobe Illustrator (Computer file) _939294 |
| 650 | 0 |
_aFashion drawing _vHandbooks, manuals, etc. _2BUEsh |
|
| 650 | 0 |
_aFashion design _xData processing _vHandbooks, manuals, etc. _2BUEsh |
|
| 651 | _2BUEsh | ||
| 653 |
_bCOMAME _cAugust2015 _cFebruary2016 |
||
| 700 | 1 | _aVereker, Frances. | |
| 942 | _2ddc | ||
| 999 |
_c20395 _d20367 |
||